000 00627nam a2200253 a 4500
003 AR-BaBNM
005 20251128202725.0
008 082120s2002 ||||||||||||||000 | spa||
020 _a950-834-005-9
040 _cAR-BaBNM
100 1 _aMartín, Susana
245 0 0 _aMi joven y romántico corazón
250 _a1ª ed.
260 _aBuenos Aires
_bEdiciones Beas
_c1992
300 _a133 p.
650 4 _aLITERATURA ARGENTINA
650 4 _aLITERATURA INFANTIL
650 4 _aPOESIA
650 4 _aLITERATURA CONTEMPORANEA
650 4 _aLIBROS PARA NIÑOS
655 _aLITERATURA
942 _cBK
998 _cCarmen
999 _c261
_d261